[Event "Madurai Athens of the East op 2nd"]
[Site "Madurai"]
[Date "2022.07.03"]
[Round "8"]
[White "Sai, Vishwesh C"]
[Black "Mahendra, Teja Mekala"]
[Result "1/2-1/2"]
[WhiteElo "2257"]
[BlackElo "1844"]
[PlyCount "171"]
[EventDate "2022.06.28"]
[EventType "swiss"]
[EventRounds "10"]
[EventCountry "IND"]
[SourceTitle "EXT 2023"]
[Source "ChessBase"]
[SourceDate "2022.10.05"]
[SourceVersion "1"]
[SourceVersionDate "2022.10.05"]
[SourceQuality "1"]

1. e4 c6 2. c4 d5 3. exd5 cxd5 4. cxd5 Nf6 5. d4 Nxd5 6. Nc3 e6 7. Nf3 Bb4 8. Bd2 0-0 9. Bd3 Nc6 10. 0-0 Be7 11. Rc1 Ndb4 12. Bf4 Nxd3 13. Qxd3 Nb4 14. Qe4 Bd7 15. Ne5 Bc6 16. Nxc6 bxc6 17. a3 Nd5 18. Bd2 Nxc3 19. Rxc3 Qd5 20. Qc2 Bf6 21. Rxc6 Bxd4 22. Rd1 Rad8 23. Be3 e5 24. Rc4 Qe6 25. Bxd4 Rxd4 26. Rcxd4 exd4 27. Qc5 Rd8 28. Qc7 Qd7 29. Qxd7 Rxd7 30. Kf1 Kf8 31. Ke2 Ke7 32. Kd3 Ke6 33. Rc1 Rb7 34. b4 a5 35. Rc6+ Ke7 36. Rc4 axb4 37. axb4 Ra7 38. Rxd4 Ra2 39. Re4+ Kd6 40. Re2 Ra7 41. Kc4 Kc6 42. Re3 Rc7 43. Rg3 f6 44. Rh3 h6 45. Rg3 Kb6+ 46. Kd5 Kb5 47. Ke6 Kxb4 48. Kf5 Kc4 49. Kg6 Kd4 50. Kh7 Rc2 51. Rf3 Rc7 52. Kg6 Rc5 53. h4 Rc7 54. h5 Rc5 55. Rf5 Rc7 56. Ra5 Re7 57. Ra8 Re2 58. Ra4+ Kd5 59. Rf4 Re7 60. Rg4 Ke5 61. Ra4 Kd5 62. f3 Rb7 63. Rg4 Ke6 64. Re4+ Kd6 65. Re2 Rc7 66. Kh7 Rc5 67. Kxg7 Rxh5 68. Kxf6 Rh2 69. Kf5 h5 70. Re6+ Kd7 71. Rg6 Ke7 72. f4 Kf7 73. Rg5 h4 74. Ke4 h3 75. g4 Ra2 76. Rh5 Ra4+ 77. Kf3 Ra3+ 78. Kf2 Kg6 79. Rb5 Rc3 80. Rb6+ Kg7 81. Rb1 Kg6 82. Rb5 Ra3 83. Rg5+ Kf6 84. Kg1 Ra2 85. Kh1 Rg2 86. Rh5 1/2-1/2

[Event "Bhubaneswar op-A 13th"]
[Site "Bhubaneswar"]
[Date "2022.05.23"]
[Round "2"]
[White "Azaladze, Shota"]
[Black "Mahendra, Teja Mekala"]
[Result "1-0"]
[WhiteElo "2420"]
[BlackElo "1871"]
[PlyCount "113"]
[EventDate "2022.05.22"]
[EventType "swiss"]
[EventRounds "10"]
[EventCountry "IND"]
[SourceTitle "CBM 208 Extra"]
[Source "ChessBase"]
[SourceDate "2022.07.31"]
[SourceVersion "1"]
[SourceVersionDate "2022.07.31"]
[SourceQuality "1"]

1. Nf3 Nf6 2. g3 d5 3. Bg2 c5 4. 0-0 g6 5. c4 d4 6. e3 Nc6 7. exd4 cxd4 8. d3 Bg7 9. Na3 0-0 10. Re1 Nd7 11. Nc2 Nc5 12. b4 Nxd3 13. Qxd3 Bf5 14. Qd2 d3 15. Ne3 Bxa1 16. Nxf5 gxf5 17. b5 Nd4 18. Qxd3 Rc8 19. Bg5 Nxf3+ 20. Qxf3 Bg7 21. Qxf5 e6 22. Qg4 Qd4 23. Qh3 Rxc4 24. Bxb7 Rc2 25. Be3 Qb4 26. Rd1 Rxa2 27. Bc6 Ra1 28. Rxa1 Bxa1 29. Bxa7 Rd8 30. Qh5 Qe1+ 31. Kg2 Rd1 32. Kh3 Qf1+ 33. Bg2 Qd3 34. b6 Bd4 35. Qg4+ Kf8 36. Bb8 Bxb6 37. Qb4+ Kg8 38. Qxb6 Rb1 39. Qd6 Qf5+ 40. g4 Rb3+ 41. f3 Qf6 42. Qf4 Qxf4 43. Bxf4 f6 44. Kg3 e5 45. Bh6 e4 46. h4 Kf7 47. h5 e3 48. Bf1 Rc3 49. Kf4 Ke6 50. Ke4 Rc1 51. Be2 f5+ 52. gxf5+ Kf6 53. Bxe3 Re1 54. Bd4+ Ke7 55. Ke3 Rc1 56. Bd3 Kf7 57. h6 1-0

[Event "IND-ch U18 31st"]
[Site "Pollachi"]
[Date "2022.04.23"]
[Round "11"]
[White "Nawin, MS."]
[Black "Mahendra, Teja Mekala"]
[Result "0-1"]
[WhiteElo "1722"]
[BlackElo "1847"]
[PlyCount "90"]
[EventDate "2022.04.18"]
[EventType "swiss"]
[EventRounds "11"]
[EventCountry "IND"]
[SourceTitle "EXT 2023"]
[Source "ChessBase"]
[SourceDate "2022.10.05"]
[SourceVersion "1"]
[SourceVersionDate "2022.10.05"]
[SourceQuality "1"]

1. e4 c5 2. Nc3 Nc6 3. Bb5 Nd4 4. Nf3 Nxb5 5. Nxb5 d5 6. exd5 a6 7. Nc3 Nf6 8. d4 Nxd5 9. dxc5 Nxc3 10. Qxd8+ Kxd8 11. bxc3 g6 12. Rb1 Bg7 13. 0-0 Bxc3 14. Rd1+ Ke8 15. Bf4 f6 16. Bc7 Bf5 17. Nd4 Be4 18. f3 Bxd4+ 19. Rxd4 Bc6 20. f4 Kf7 21. Re1 Rac8 22. Bb6 h6 23. Red1 g5 24. f5 h5 25. Bd8 h4 26. h3 Be4 27. Bxe7 Bxc2 28. Re1 Bxf5 29. Rd6 Rc6 30. Rxc6 bxc6 31. Bd6 Be6 32. a4 Re8 33. a5 f5 34. Kf2 g4 35. g3 gxh3 36. gxh4 Rh8 37. Kg3 h2 38. Rh1 Rg8+ 39. Kf2 Rg4 40. Rxh2 Ra4 41. Bc7 Rc4 42. Bd6 Rb4 43. Rh1 Bd5 44. Rh3 f4 45. Rh2 Kg6 0-1

[Event "IND-ch U18 31st"]
[Site "Pollachi"]
[Date "2022.04.22"]
[Round "9"]
[White "Mahendra, Teja Mekala"]
[Black "Aakash, G2222"]
[Result "1-0"]
[WhiteElo "1847"]
[BlackElo "1611"]
[PlyCount "75"]
[EventDate "2022.04.18"]
[EventType "swiss"]
[EventRounds "11"]
[EventCountry "IND"]
[SourceTitle "EXT 2023"]
[Source "ChessBase"]
[SourceDate "2022.10.05"]
[SourceVersion "1"]
[SourceVersionDate "2022.10.05"]
[SourceQuality "1"]

1. d4 d5 2. c4 c6 3. Nf3 Nf6 4. e3 e6 5. Nc3 Nbd7 6. Bd3 dxc4 7. Bxc4 b5 8. Bd3 Bb7 9. 0-0 b4 10. Na4 Be7 11. e4 0-0 12. Qc2 h6 13. Be3 Re8 14. h3 Rc8 15. Rfd1 Qa5 16. Nd2 Ba6 17. Bxa6 Qxa6 18. Nc5 Bxc5 19. dxc5 Ne5 20. Bd4 Nfd7 21. f4 Ng6 22. Nc4 Nf6 23. Bxf6 gxf6 24. Nd6 Nxf4 25. Nxc8 Rxc8 26. Qf2 e5 27. Rd6 Kg7 28. Kh2 Qb7 29. Qh4 Ne6 30. Rad1 Rg8 31. Qg4+ Kh8 32. Qf5 Qe7 33. Rd7 Qxc5 34. Qxf6+ Rg7 35. Qxh6+ Kg8 36. Rd8+ Nf8 37. R1d6 b3 38. Qf6 1-0

[Event "IND-ch U16"]
[Site "New Delhi"]
[Date "2022.03.07"]
[Round "7"]
[White "Pranav, V."]
[Black "Mahendra, Teja Mekala"]
[Result "0-1"]
[WhiteElo "2493"]
[BlackElo "1875"]
[PlyCount "150"]
[EventDate "2022.03.04"]
[EventType "swiss"]
[EventRounds "9"]
[EventCountry "IND"]
[SourceTitle "CBM 207 Extra"]
[Source "ChessBase"]
[SourceDate "2022.05.31"]
[SourceVersion "1"]
[SourceVersionDate "2022.05.31"]
[SourceQuality "1"]

1. e4 c5 2. Nf3 g6 3. d4 cxd4 4. Qxd4 Nf6 5. Bb5 a6 6. e5 axb5 7. exf6 e6 8. 0-0 Nc6 9. Qd3 b4 10. c4 d5 11. cxd5 Ra5 12. Re1 Rxd5 13. Qe4 Rd1 14. Nbd2 Rxe1+ 15. Qxe1 Nd4 16. Nxd4 Qxd4 17. Nf3 Qxf6 18. Be3 e5 19. Bd2 Bd6 20. Bxb4 0-0 21. Bxd6 Qxd6 22. Qxe5 Qxe5 23. Nxe5 Re8 24. f4 f6 25. Nf3 Be6 26. Kf2 Bc4 27. Ng1 Re4 28. g3 Rd4 29. b3 Rd2+ 30. Ke3 Rd3+ 31. Ke4 f5+ 32. Ke5 Bf7 33. Kf6 Re3 34. Rd1 Re6+ 35. Kg5 Kg7 36. Kh4 Re3 37. Kh3 Be8 38. Kg2 Bc6+ 39. Kf2 Rc3 40. Rd2 Be4 41. Ne2 Rf3+ 42. Kg1 h6 43. Nd4 Rc3 44. Nb5 Rc1+ 45. Kf2 Bc6 46. Na3 g5 47. Nc4 Rc3 48. Ne5 gxf4 49. gxf4 Be4 50. Rd7+ Kg8 51. Rd2 Kg7 52. Ke1 h5 53. Rf2 h4 54. Kd2 Rc2+ 55. Ke3 Rc1 56. Kd4 h3 57. Nf3 Kf6 58. Ng5 Bg2 59. Re2 Rd1+ 60. Kc5 Rc1+ 61. Kb6 Rh1 62. Kc5 Kg6 63. Re6+ Kh5 64. Kd4 Rxh2 65. Ke3 Rh1 66. Kf2 Kg4 67. Rh6 Rf1+ 68. Ke2 Rxf4 69. Ne6 Re4+ 70. Kf2 f4 71. Ng7 Re5 72. Ne6 f3 73. Nd4 Re4 74. Rd6 h2 75. Nc2 Re2# 0-1

[Event "Wch U12"]
[Site "Weifang"]
[Date "2019.08.28"]
[Round "7"]
[White "Shahil, Dey"]
[Black "Mahendra, Teja Mekala"]
[Result "1-0"]
[WhiteElo "2207"]
[BlackElo "1827"]
[PlyCount "181"]
[EventDate "2019.08.21"]
[EventType "swiss"]
[EventRounds "11"]
[EventCountry "CHN"]
[SourceTitle "EXT 2020"]
[Source "ChessBase"]
[SourceDate "2019.10.17"]
[SourceVersion "1"]
[SourceVersionDate "2019.10.17"]
[SourceQuality "1"]

1. e4 c5 2. Nf3 g6 3. d4 cxd4 4. Nxd4 Bg7 5. c4 Nc6 6. Be3 Nf6 7. Nc3 d6 8. Be2 0-0 9. 0-0 Bd7 10. Qd2 Nxd4 11. Bxd4 Bc6 12. f3 a5 13. b3 Nd7 14. Be3 Nc5 15. Rab1 Qc7 16. Rfc1 b6 17. Rc2 Rfb8 18. Bf1 Qd8 19. a3 e5 20. Kh1 Qf8 21. b4 axb4 22. axb4 Ne6 23. b5 Bb7 24. Rd1 Nd4 25. Bxd4 exd4 26. Ne2 f5 27. Nxd4 fxe4 28. Nc6 Bxc6 29. bxc6 Be5 30. Qd5+ Kh8 31. Qxe4 Re8 32. Qh4 Ra3 33. Qf2 Rb3 34. f4 Qxf4 35. Qxf4 Bxf4 36. g3 Be5 37. Bh3 Ra3 38. c7 Raa8 39. Rcc1 Rec8 40. Bxc8 Rxc8 41. c5 bxc5 42. Rxc5 Kg7 43. Rc2 Kf6 44. Rb1 d5 45. Rc5 Rxc7 46. Rxc7 Bxc7 47. Rb7 Bd6 48. Rxh7 d4 49. Kg2 d3 50. Kf3 d2 51. Ke2 Bb4 52. Rb7 Bc3 53. Rb3 Ba5 54. Rb5 Bc3 55. Kd1 g5 56. g4 Kg6 57. Kc2 Kf6 58. Rf5+ Kg6 59. Rd5 Bb4 60. Kb3 Ba5 61. Rd6+ Kg7 62. Kc2 Bb4 63. Rb6 Bc3 64. Rb3 Be5 65. Kxd2 Bxh2 66. Rb6 Bg1 67. Rc6 Bh2 68. Ke3 Bf4+ 69. Ke4 Kf7 70. Kf5 Kg7 71. Rg6+ Kf7 72. Rh6 Kg7 73. Rh5 Kf7 74. Rh7+ Kg8 75. Kg6 Kf8 76. Rf7+ Ke8 77. Rf5 Ke7 78. Rxg5 Bxg5 79. Kxg5 Kf7 80. Kh6 Kg8 81. g5 Kh8 82. g6 Kg8 83. g7 Kf7 84. Kh7 Kf6 85. g8Q Kf5 86. Qc4 Ke5 87. Kg6 Kd6 88. Kf6 Kd7 89. Qc5 Kd8 90. Ke6 Ke8 91. Qc8# 1-0

[Event "Wch U12"]
[Site "Weifang"]
[Date "2019.08.26"]
[Round "6"]
[White "Mahendra, Teja Mekala"]
[Black "Ochirbat, Lkhagvajamts"]
[Result "0-1"]
[WhiteElo "1827"]
[BlackElo "2137"]
[PlyCount "180"]
[EventDate "2019.08.21"]
[EventType "swiss"]
[EventRounds "11"]
[EventCountry "CHN"]
[SourceTitle "EXT 2020"]
[Source "ChessBase"]
[SourceDate "2019.10.17"]
[SourceVersion "1"]
[SourceVersionDate "2019.10.17"]
[SourceQuality "1"]

1. d4 Nf6 2. c4 e6 3. g3 d5 4. Nf3 Be7 5. Bg2 0-0 6. 0-0 c6 7. Qc2 b6 8. Nbd2 Bb7 9. e4 dxe4 10. Nxe4 Nxe4 11. Qxe4 Nd7 12. Be3 Nf6 13. Qc2 c5 14. dxc5 Bxc5 15. Bxc5 bxc5 16. Ne5 Bxg2 17. Kxg2 Qc7 18. Qe2 Rab8 19. b3 Rfd8 20. Rfd1 Ne8 21. Nf3 Qc6 22. Rd3 Rd6 23. Rad1 Rbd8 24. Kg1 Rxd3 25. Rxd3 Rxd3 26. Qxd3 f6 27. Qe3 e5 28. Ne1 Nc7 29. Qd3 Ne6 30. Qd5 Qxd5 31. cxd5 Nc7 32. Nd3 Nxd5 33. Nxc5 Nb4 34. a3 Nc2 35. a4 Nb4 36. Kf1 Kf7 37. Ke2 Ke7 38. Kd2 Kd6 39. Ne4+ Kd5 40. Nc3+ Kc5 41. Ne4+ Kd5 42. Nc3+ Kc6 43. Nd1 Kc5 44. Nc3 a6 45. f3 f5 46. Ne2 Nd5 47. Nc1 a5 48. Nd3+ Kd4 49. Nc1 e4 50. Ne2+ Kc5 51. fxe4 fxe4 52. h4 h5 53. Kc2 Ne3+ 54. Kd2 Nd5 55. Kc2 g6 56. Kd2 Kb4 57. Nd4 Ne7 58. Kc2 Kc5 59. Ne2 Kd5 60. Kc3 Kc5 61. Kc2 Nd5 62. Kd2 Kb4 63. Nd4 Ne7 64. Kc2 Nf5 65. Nc6+ Kc5 66. Nxa5 Nxg3 67. Nc4 Nf5 68. a5 Kb5 69. Kd2 Nxh4 70. b4 Nf5 71. Ne3 Nd6 72. Kc3 h4 73. Ng4 Nf5 74. Kd2 h3 75. Ke2 Nh6 76. Nf2 h2 77. Nh1 Nf5 78. Kf2 e3+ 79. Kf3 g5 80. Kg2 g4 81. Kf1 g3 82. a6 Kxa6 83. b5+ Kxb5 84. Kg2 e2 85. Nxg3 Nxg3 86. Kxg3 h1Q 87. Kf4 e1R 88. Kf5 Qf3+ 89. Kg5 Rg1+ 90. Kh6 Qh1# 0-1

[Event "Wch U12"]
[Site "Weifang"]
[Date "2019.08.25"]
[Round "5"]
[White "Navumenka, Mikhei"]
[Black "Mahendra, Teja Mekala"]
[Result "1-0"]
[WhiteElo "2148"]
[BlackElo "1827"]
[PlyCount "111"]
[EventDate "2019.08.21"]
[EventType "swiss"]
[EventRounds "11"]
[EventCountry "CHN"]
[SourceTitle "EXT 2020"]
[Source "ChessBase"]
[SourceDate "2019.10.17"]
[SourceVersion "1"]
[SourceVersionDate "2019.10.17"]
[SourceQuality "1"]

1. d4 Nf6 2. Nf3 g6 3. g3 Bg7 4. Bg2 0-0 5. 0-0 d5 6. c4 c6 7. Qb3 dxc4 8. Qxc4 Nbd7 9. Nc3 Nb6 10. Qd3 a5 11. e4 Be6 12. Rd1 Qc8 13. Qc2 Rd8 14. b3 Bh3 15. Ba3 Bxg2 16. Kxg2 Re8 17. Rac1 Bh6 18. Rb1 Nfd7 19. e5 Nf8 20. Qe4 Qe6 21. Qh4 Bg7 22. Ng5 Qd7 23. Re1 h6 24. Nge4 Nd5 25. Nc5 Qc8 26. Rbc1 Nxc3 27. Rxc3 Ne6 28. Qe4 Rd8 29. Rd1 Rd5 30. Na4 Qd8 31. Rcd3 b5 32. Nc5 Nxc5 33. dxc5 e6 34. Rxd5 exd5 35. Qe3 Qe7 36. Bb2 Re8 37. Re1 Qe6 38. Bd4 Ra8 39. a4 b4 40. Qd3 f5 41. h3 Kf7 42. f4 h5 43. Qe2 Ke7 44. Rh1 Kd7 45. g4 Kc7 46. gxh5 gxh5 47. Rg1 Kb7 48. Kf3 Bf8 49. Qg2 Bxc5 50. Bxc5 d4 51. Qc2 Qd5+ 52. Kf2 d3 53. Rg7+ Kb8 54. Qc4 Qxc4 55. bxc4 b3 56. Ke3 1-0

[Event "Wch U12"]
[Site "Weifang"]
[Date "2019.08.24"]
[Round "4"]
[White "Mahendra, Teja Mekala"]
[Black "Deuer, Marius"]
[Result "1-0"]
[WhiteElo "1827"]
[BlackElo "1915"]
[PlyCount "65"]
[EventDate "2019.08.21"]
[EventType "swiss"]
[EventRounds "11"]
[EventCountry "CHN"]
[SourceTitle "EXT 2020"]
[Source "ChessBase"]
[SourceDate "2019.10.17"]
[SourceVersion "1"]
[SourceVersionDate "2019.10.17"]
[SourceQuality "1"]

1. d4 Nf6 2. c4 e6 3. Nf3 b6 4. g3 Ba6 5. Qa4 c5 6. Bg2 Bb7 7. 0-0 cxd4 8. Nxd4 Bxg2 9. Kxg2 Bc5 10. Nf3 Nc6 11. Nc3 0-0 12. Rd1 Qe7 13. Bg5 h6 14. Bxf6 gxf6 15. Ne4 Rfd8 16. Qc2 Rac8 17. Qd2 Kg7 18. Qf4 d6 19. Qg4+ Kh7 20. Qh5 Ne5 21. Nxe5 fxe5 22. e3 f5 23. Nxc5 bxc5 24. b3 Rc7 25. Rd2 Qg5 26. Qd1 Rcd7 27. Qc2 h5 28. Rad1 h4 29. f4 Qg7 30. e4 exf4 31. exf5 f3+ 32. Kf2 Qg6 33. g4 1-0

[Event "Wch U12"]
[Site "Weifang"]
[Date "2019.08.22"]
[Round "2"]
[White "Wu, David Tai Wei"]
[Black "Mahendra, Teja Mekala"]
[Result "0-1"]
[WhiteElo "2083"]
[BlackElo "1827"]
[PlyCount "102"]
[EventDate "2019.08.21"]
[EventType "swiss"]
[EventRounds "11"]
[EventCountry "CHN"]
[SourceTitle "EXT 2020"]
[Source "ChessBase"]
[SourceDate "2019.10.17"]
[SourceVersion "1"]
[SourceVersionDate "2019.10.17"]
[SourceQuality "1"]

1. d4 Nf6 2. c4 g6 3. Nc3 d5 4. cxd5 Nxd5 5. e4 Nxc3 6. bxc3 Bg7 7. Bc4 c5 8. Ne2 Nc6 9. Be3 0-0 10. 0-0 Qc7 11. Rc1 Rd8 12. f4 e6 13. Qd2 Na5 14. Bd3 f5 15. e5 c4 16. Bc2 b6 17. Bf2 Bb7 18. Bh4 Qc6 19. Ng3 Rd7 20. Rf2 Rc8 21. Nf1 Bf8 22. Ne3 b5 23. Qe1 Qb6 24. Rb1 Rb8 25. a4 a6 26. Rf1 Bc6 27. Qe2 Qc7 28. axb5 axb5 29. Rfc1 b4 30. cxb4 Bxb4 31. Nxc4 Rxd4 32. Nxa5 Rd2 33. Qxd2 Bxd2 34. Nxc6 Rxb1 35. Rxb1 Qxc6 36. Bd1 Bxf4 37. Bf3 Qc5+ 38. Kh1 g5 39. Be1 Bxe5 40. Rd1 g4 41. Be2 Bxh2 42. Kxh2 Qe5+ 43. Bg3 Qxe2 44. Rd8+ Kf7 45. Rd7+ Kg6 46. Re7 Qe3 47. Bh4 f4 48. Re8 h6 49. Rf8 Kg7 50. Rc8 g3+ 51. Kh3 Qe5 0-1

[Event "Sivagangai Tamilnadu op U11 32th"]
[Site "Sivagangai Tamilnadu"]
[Date "2018.08.05"]
[Round "11.3"]
[White "Tanmay, Jain"]
[Black "Mahendra, Teja Mekala"]
[Result "0-1"]
[WhiteElo "1868"]
[BlackElo "1664"]
[PlyCount "84"]
[EventDate "2018.07.28"]
[EventType "swiss"]
[EventRounds "11"]
[EventCountry "IND"]
[SourceTitle "EXT 2024"]
[Source "ChessBase"]
[SourceDate "2023.10.10"]
[SourceVersion "1"]
[SourceVersionDate "2023.10.10"]
[SourceQuality "1"]

1. e4 c5 2. Nf3 g6 3. d4 cxd4 4. Nxd4 Bg7 5. Nc3 Nc6 6. Be3 Nf6 7. Be2 0-0 8. 0-0 d6 9. h3 Bd7 10. Nb3 Rc8 11. f4 Be6 12. Qd2 Nd7 13. f5 Bxb3 14. axb3 Nde5 15. Nd5 e6 16. Nc3 Qe7 17. Bh6 f6 18. Bxg7 Kxg7 19. Rad1 Rcd8 20. Rf2 exf5 21. Nd5 Qd7 22. exf5 g5 23. c4 Ne7 24. Ne3 Qc6 25. Bf3 Nxf3+ 26. Rxf3 Qb6 27. Kh1 Rd7 28. Nd5 Qc5 29. Nxe7 Rxe7 30. Qd5 Rfe8 31. Kh2 Re1 32. Qxc5 dxc5 33. Rd5 b6 34. Rd7+ R8e7 35. Rfd3 Kf7 36. R7d5 h5 37. h4 gxh4 38. b4 Rb1 39. bxc5 Ree1 40. Rd7+ Kg8 41. g3 Re2+ 42. Kh3 Rh1# 0-1

[Event "Sivagangai Tamilnadu op U11 32th"]
[Site "Sivagangai Tamilnadu"]
[Date "2018.08.01"]
[Round "7.1"]
[White "Dev, Shah"]
[Black "Mahendra, Teja Mekala"]
[Result "1/2-1/2"]
[WhiteElo "2184"]
[BlackElo "1664"]
[PlyCount "67"]
[EventDate "2018.07.28"]
[EventType "swiss"]
[EventRounds "11"]
[EventCountry "IND"]
[SourceTitle "EXT 2024"]
[Source "ChessBase"]
[SourceDate "2023.10.10"]
[SourceVersion "1"]
[SourceVersionDate "2023.10.10"]
[SourceQuality "1"]

1. d4 Nf6 2. c4 g6 3. Nc3 d5 4. cxd5 Nxd5 5. e4 Nxc3 6. bxc3 Bg7 7. Nf3 c5 8. Be3 0-0 9. Be2 Nc6 10. 0-0 b6 11. d5 Na5 12. Qd2 Bg4 13. Bf4 Qd7 14. Ne5 Bxe5 15. Bxe5 f6 16. Bg3 Bxe2 17. Qxe2 Qa4 18. f4 Qc4 19. Qf3 Rad8 20. Rfd1 Nb7 21. Rd2 Nd6 22. Re1 f5 23. exf5 Nxf5 24. Re4 Qa6 25. Bf2 Qb7 26. Re5 Nd6 27. Rde2 Rf7 28. Bh4 Nf5 29. Bg5 Rd7 30. g4 Nd6 31. Qd3 b5 32. Re6 Ne8 33. R2e5 Nf6 34. Qf3 1/2-1/2